|
|
|
|
| LEADER |
00000cam a2200000 7i4500 |
| 001 |
0000002441 |
| 002 |
000002661 |
| 005 |
20000330.0 |
| 020 |
|
|
|a 0071008373
|
| 090 |
0 |
0 |
|a 658.562015195
|b MOE
|
| 100 |
1 |
|
|a Moen, Ronald D
|
| 245 |
1 |
0 |
|a Improving quality through planned experimentation
|c Ronald D Moen, Thomas W.Nolan and Lloyd P. Provost
|
| 260 |
|
|
|a New Work :
|b McGraw-Hill ,
|c 1991
|
| 300 |
|
|
|a 414p. ;
|c 23cm.
|
| 490 |
0 |
|
|a McGraw-Hill Series in Industrial Engineering and Management
|
| 650 |
0 |
0 |
|a Process control
|x Statistical methods
|
| 650 |
0 |
0 |
|a Quality control
|x Statistical methods
|
| 700 |
1 |
|
|a Nolan, Thomas W
|
| 700 |
1 |
|
|a Provost, Lloyd P
|
| 999 |
|
|
|a 035845
|b BUKU
|c PINJAMAN
|e PERPUSTAKAAN KOMUNITI PETALING JAYA
|